00543nam a2200145Ia 4500008004100000100002500041245006000066245007000126260000900196300003300205440004500238650002300283999001900306952007200325171207s9999 xx 000 0 und d aLaghouaouta, Youness 2aA dedicated approach for model composition traceability cYouness Laghouaouta, Adil Anwar, Mahmoud Nassar, Bernard Coulette c2017 apages 142-159, November 2017 aInformation and Software Technologyv91: aSOFTWARE TECHNLOGY c347617d347617 001040aCLbCLd2017-12-07l0r2017-12-07 00:00:00w2017-12-07ySE